brawl stars - Statistics

General Stats
  • This quiz has been taken 63 times
  • The average score is 5 of 7
Answer Stats
Hint Answer % Correct
witch brawler uses money griff
96%
witch brawler is a bird crow
91%
witch brawler is a cactious spike
91%
witch brawler shoots fire amber
86%
witch brawler has a meck meg
80%
witch brawler lives in the water otis
48%
witch brawler is a reptile leon
38%
No matching quizzes found
Score Distribution
Percent of People with Each Score
Percentile by Number Answered
Your Score History
You have not taken this quiz